International dictionary of metallurgy of mineralogy geology Mining and oil industries

Na minha lista:
Detalhes bibliográficos
Autor principal: Angelo Cagnacci Schwicker
Formato: Livro
Idioma:Undetermined
Publicado em: New York McGraw-Hill 1970
Assuntos:
Tags: Adicionar Tag
Sem tags, seja o primeiro a adicionar uma tag!
Thư viện lưu trữ: Trung tâm Học liệu Trường Đại học Cần Thơ
LEADER 00587nam a2200193Ia 4500
001 CTU_26577
008 210402s9999 xx 000 0 und d
082 |a 622.03 
082 |b S398 
100 |a Angelo Cagnacci Schwicker 
245 0 |a International dictionary of metallurgy of mineralogy geology 
245 0 |b Mining and oil industries 
245 0 |c Angelo Cagnacci Schwicker 
260 |a New York 
260 |b McGraw-Hill 
260 |c 1970 
650 |a metallurgy,technology - dictionaries 
904 |i Minh, 981014 
980 |a Trung tâm Học liệu Trường Đại học Cần Thơ